CTET,Success Master Paper II,Social Studies/ (Record no. 76575)

MARC details
000 -LEADER
fixed length control field 00496nam a22001697a 4500
010 ## - LCCN (DPL NO)
LC control number B-524246
020 ## - INTERNATIONAL STANDARD BOOK NUMBER
International Standard Book Number 9789350944653
Terms of availability 325,00
035 ## - SYSTEM CONTROL NUMBER
System control number B-524246
037 ## - SOURCE OF ACQUISITION
Source of stock number/acquisition RP/Shahadra /UBH/035/4.6,2013/4.6.2013
082 ## - DEWEY DECIMAL CLASSIFICATION NUMBER
Classification number 000
100 ## - MAIN ENTRY--PERSONAL NAME
Personal name Kumar,Purnendu
245 ## - TITLE STATEMENT
Title CTET,Success Master Paper II,Social Studies/
Statement of responsibility, etc Purnendu, Kumar
260 ## - PUBLICATION, DISTRIBUTION, ETC. (IMPRINT)
Place of publication, distribution, etc New Delhi
Name of publisher, distributor, etc Arihant Pub
Date of publication, distribution, etc 2013
270 ## - ADDRESS
Address 4577/15 Darya Ganj
300 ## - PHYSICAL DESCRIPTION
Extent Various,pgs
Dimensions 24cm
942 ## - ADDED ENTRY ELEMENTS (KOHA)
Source of classification or shelving scheme Dewey Decimal Classification
Item type English Books
Classification part 000
Call number suffix KUM
Holdings
Withdrawn status Lost status Not for loan Collection code Home library Current library Date acquired Source of acquisition Cost, normal purchase price Full call number Barcode Cost, replacement price Koha item type
      Non-fiction Shahdara Branch Shahdara Branch 24/05/2014 RP/Shadhra 325.00 000 KUM B-524246 325.00 English Books

© Delhi Public Library
Hit Counter
free hit counter